000 00562nam a22001697a 4500
005 20151210122511.0
008 151207b xxu||||| |||| 00| 0 eng d
050 _aPC5067.
_bB34 1954
100 _aBarker, John W.
_921200
245 _aTeach yourself Portuguese
_cBarker, John W.
250 _aRev. ed.
260 _aLondon
_bThe English Universities Press
_c1954
300 _aviii, 232p.;
_c18cm.
650 _aPortuguese language
_2
_921201
_xComposition and exercises
650 _aPortuguese language
_y1870- .
_921202
_xGrammar
942 _2lcc
_cMONOGRAPH
999 _c123825
_d123825